00731 2200205 4500001002100000005001700021008004100038035002400079040001200103082001500115090002000130100002100150245016900171260005200340300002800392500004200420650003300462850001200495990001800507INLIS00000000002284220160921134526.0  0010-091600000000614 aYOPDYOG 223a657.07 aSK 657.07 Wid H aWIDIA TRI ASTUTI aHubungan antara minat belajar dan penggunaan lks dengan prestasi belajar Akuntansi siswa kelas II Negeri 2 Ngaglik Sleman tahun ajaran 2004/2005c/ Widia Tri Astuti aYogyakartabUniversitas Negeri Yogyakartac2005 axiii, 95 hlm.c; 30 cm. aSkripsi Universitas Negeri Yogyakarta aAkuntansi - Ujian, Soal, dsb aYOPDYOG a42439-PD/A.12